书目信息 |
| 题名: |
海上帝国的崛起
|
|
| 作者: | 房龙 著 | |
| 分册: | ||
| 出版信息: | 北京 现代出版社 2015.6 |
|
| 页数: | 200页 | |
| 开本: | 21cm | |
| 丛书名: | 房龙·真知灼见系列 | |
| 单 册: | ||
| 中图分类: | K563.09-49 | |
| 科图分类: | ||
| 主题词: | 荷兰--He Lan--历史--青少年读物 | |
| 电子资源: | ||
| ISBN: | 978-7-5143-3692-4 | |
| 000 | 00928nam0 22002531 450 | |
| 001 | 349605 | |
| 005 | 20161010153338.46 | |
| 010 | @a978-7-5143-3692-4@dCNY25.00 | |
| 100 | @a20150525d2015 em y0chiy0110 ea | |
| 101 | 0 | @achi |
| 102 | @aCN@b110000 | |
| 105 | @ay z 000yy | |
| 106 | @ar | |
| 200 | 1 | @a海上帝国的崛起@AHai Shang Di Guo De Jue Qi@f(美)房龙著 |
| 210 | @a北京@c现代出版社@d2015.6 | |
| 215 | @a200页@d21cm | |
| 225 | 2 | @a房龙·真知灼见系列@AFang Long Zhen Zhi Zhuo Jian Xi Lie |
| 330 | @a本书是一本写给青少年的通俗历史课外阅读图书。主要讲述了荷兰是如何在17世纪时成为海上殖民强国,随后分崩离析,最终,它摆脱了殖民帝国的统治,又屹立于海上,重新成为海上强国,这是一个国家的复兴史。 | |
| 461 | 0 | @12001 @a房龙·真知灼见系列 |
| 606 | 0 | @a荷兰@AHe Lan@x历史@x青少年读物 |
| 690 | @aK563.09-49@v5 | |
| 701 | 0 | @c(美)@a房龙@AFang Long@4著 |
| 801 | 0 | @aCN@bTANGWEI@20160730 |
| 905 | @b0885850-4@dK563.09-49@e3@f5 | |
| 海上帝国的崛起/(美)房龙著.-北京:现代出版社,2015.6 |
| 200页;21cm.-(房龙·真知灼见系列) |
| ISBN 978-7-5143-3692-4:CNY25.00 |
| 本书是一本写给青少年的通俗历史课外阅读图书。主要讲述了荷兰是如何在17世纪时成为海上殖民强国,随后分崩离析,最终,它摆脱了殖民帝国的统治,又屹立于海上,重新成为海上强国,这是一个国家的复兴史。 |
| ● |
| 相关链接 |
|
|
|
|
正题名:海上帝国的崛起
索取号:K563.09-49/3
 
预约/预借
| 序号 | 登录号 | 条形码 | 馆藏地/架位号 | 状态 | 备注 |
| 1 | 0885850 | 208858501 | 第二样本阅览室/ [索取号:K563.09-49/3] | 在馆 | |
| 2 | 0885851 | 208858510 | 密集书库-资源管理系/ [索取号:K563.09-49/3] | 在馆 | |
| 3 | 0885852 | 208858529 | 第二借阅区/ [索取号:K563.09-49/3] | 在馆 | |
| 4 | 0885853 | 208858538 | 第二借阅区/ [索取号:K563.09-49/3] | 在馆 | |
| 5 | 0885854 | 208858547 | 第二借阅区/ [索取号:K563.09-49/3] | 在馆 |